| 000 | 00383 a2200145 4500 | ||
|---|---|---|---|
| 001 | 58014 | ||
| 020 | _a9788184310627 | ||
| 082 | _a629.13435 RAM | ||
| 090 |
_c35522 _d35522 |
||
| 100 | _a M S Ramgir | ||
| 245 |
_aGas Turbines and Jet Propulsion _bGas Turbine _c M S Ramgir |
||
| 260 |
_aIndia _bTechnical Publications Pune _c2006 |
||
| 300 | _axii 450p | ||
| 600 | _aM J Sable | ||
| 942 |
_aNUST-CAE _k629.13435 RAM |
||
| 999 |
_c293087 _d293087 |
||